Political power and educational decision-making.

Gespeichert in:
Bibliographische Detailangaben
1. Verfasser: Kimbrough, Ralph (autor)
Format: Buch
Sprache:Englisch
Schriftenreihe:(Rand Mcnally education series)
Schlagworte:
Tags: Tag hinzufügen
Keine Tags, Fügen Sie das erste Tag hinzu!

MARC

LEADER 00000cam^a2200000uu^4500
001 000489926
005 20250521000000.0
008 033010s1964^^^^^^^^^^^^rd^r^^000^0^eng^d
009 20260310125343.518
035 |a FCE 000033119 
035 |a FCE 023564 
037 |a Acervo ITESO - Biblioteca 
041 |a eng 
082 0 4 |a 379.15  |b KIMp 
100 |a Kimbrough, Ralph  |e (autor) 
245 1 0 |a Political power and educational decision-making. 
264 |a Chicago :  |b Rand Mcnally,  |c 1964. 
300 |a 307 p. 
336 |a texto  |b txt  |2 rdacontenido 
337 |a sin mediación  |b n  |2 rdamedio 
338 |a volumen  |b nc  |2 rdasoporte 
440 0 |a (Rand Mcnally education series) 
649 |a XX 
650 |a Programa de educación 
650 |a Planificación de la educación 
650 |a Administración de la educación 
650 |a Formación profesional 
650 |a Recursos humanos 
650 |a Fuerza de trabajo 
650 |a Educación formal 
650 |a Toma de decisiones 
650 |a Planificadores de la educación 
650 |a Políticas de educación 
650 |a Estados Unidos 
910 |a Fondo Centro de Estudios Educativos 
920 |a Impresos - Libros 
930 |a Fondos Especiales 
905 |a 133 
901 |a ALE023564  |b IT2  |c CEE  |u 20250521 
902 |a https://opac.biblio.iteso.mx/vufind/Record/000489926